Born in Skellefteå - Statistics

General Stats
  • This quiz has been taken 5 times
  • The average score is 4 of 7
Answer Stats
Hint Answer % Correct
Ice hockey forward who plays for Skellefteå AIK and former NHL player (Rangers, Senators and Golden Knights) 1991 Oscar Lindberg
100%
Ice hockey defenceman and alternate captain who plays for the Seattle Kraken 1992 Adam Larsson
80%
Ice hockey goaltender who plays for the Minnesota Wild 1998 Filip Gustavsson
60%
Writer, "The Girl with the Dragon Tattoo" 1954 Stieg Larsson
60%
Ice hockey defenceman who plays for the Vancouver Canucks 1996 Marcus Pettersson
40%
Deputy Prime Minister and Minister of Foreign Affairs from 2014 to 2019 1954 Margot Wallström
40%
American ice hockey player who plays for the Anaheim Ducks 2004 Cutter Gauthier
20%
No matching quizzes found
Score Distribution
Percent of People with Each Score
Percentile by Number Answered
Your Score History
You have not taken this quiz